Amicizia cristiana /

Guardat en:
Dades bibliogràfiques
Autor principal: Traini, Domenico (Autor)
Format: Llibre
Idioma:italià
Publicat: Vicenza : Società anonima tipografica fra Cattolici Vicentini, 1933
Edició:Nuova ed. riveduta e migliorata
Etiquetes: Afegir etiqueta
Sense etiquetes, Sigues el primer a etiquetar aquest registre!

MARC

LEADER 00000nam a22000007i 4500
001 IT\ICCU\CUB\0641863
003 ItRI
005 20260115232244.0
008 980225s1933 it |||||| ||||| |||||c
015 |2 IT  |a 1934 973 
024 7 0 |a 595333  |2 cubi 
040 |b ita  |c importazione bologna sebina 
041 7 |a ita  |2 ISO-639-2 
100 1 |a Traini, Domenico  |0 IT\ICCU\CUBV\155779  |4 aut 
245 1 0 |a Amicizia cristiana /  |c Domenico Traini. 
250 |a Nuova ed. riveduta e migliorata 
260 |a Vicenza :  |b Società anonima tipografica fra Cattolici Vicentini,  |c 1933 
300 |a 132 p. ;  |c 21 cm. 
942 |2 ddc  |c BK  |n 0 
952 |0 0  |1 0  |4 0  |6 DOC_241_676000000000000_TRA  |7 0  |9 23038  |a BO  |b BO  |d 2026-01-15  |i 1221  |l 0  |o DOC 241.676 TRA  |p BO1221  |r 2026-01-15 23:22:44  |w 2026-01-15  |x [Sebina 7] [1 v.]  |y BK  |z 1 v. 
999 |c 19650  |d 19650